=LDR 00000nam 2200000 4500 =001 INLIS000000000054968 =990 ##$$a 00093734 =005 20200305083959 =035 ##$$a 0010-0320000075 =245 ##$$a menjadi orang tua efektif =300 ##$$a 287 =260 ##$$a jakarta :$b pt gramedia,$c 1988